| 000 | 00657cam a22002172 4500 | ||
|---|---|---|---|
| 001 | 0000000281 | ||
| 005 | 20151021151044.0 | ||
| 008 | 070119s xx 000 0 eng d | ||
| 020 |
_a81 77222309 : _cKES 3,200 |
||
| 040 |
_aKABU _cKABU |
||
| 050 | 0 |
_aQA76.73 _b.J38H65 2001 |
|
| 100 | 1 |
_aHolzner, Steven. _@0000148384 |
|
| 245 | 1 | 0 |
_aJava 2 programming black book / _cSteven Holzner. |
| 250 | _arev. ed. | ||
| 260 |
_aNew Delhi : _bDreamtech, 2001. |
||
| 300 | _axxvi, 1154 p. | ||
| 650 | 0 |
_aJava (Computer program language) _@0000148169 |
|
| 908 | _a070119 | ||
| 950 | _@1 | ||
| 999 |
_c141 _d141 |
||